[Event "7th Arber Senior Cup"]
[Site "chess24.com"]
[Date "2019.07.28"]
[Round "2"]
[White "Cordts, Elof"]
[Black "Greul, Hans"]
[Result "0-1"]
[Board "18"]
[WhiteElo "1710"]
[WhiteCountry "GER"]
[WhiteFideId "12987301"]
[WhiteEloChange "-3"]
[BlackElo "2009"]
[BlackCountry "GER"]
[BlackFideId "12985988"]
[BlackEloChange "3"]

1. e4 {[%clk 2:10:36]} e6 {[%clk 2:10:38]} 2. d4 {[%clk 2:10:32]} d5 {[%clk
2:11:02]} 3. exd5 {[%clk 2:10:44]} exd5 {[%clk 2:11:25]} 4. Nc3 {[%clk 2:10:55]}
Nf6 {[%clk 2:11:26]} 5. Bd3 {[%clk 2:10:35]} Bb4 {[%clk 2:11:15]} 6. a3 {[%clk
2:10:37]} Bxc3+ {[%clk 2:11:17]} 7. bxc3 {[%clk 2:10:49]} O-O {[%clk 2:11:43]} 8.
Ne2 {[%clk 2:11:03]} Bg4 {[%clk 2:10:22]} 9. f3 {[%clk 2:11:05]} Bh5 {[%clk
2:10:27]} 10. O-O {[%clk 2:10:48]} Nbd7 {[%clk 2:10:00]} 11. Nf4 {[%clk 2:04:17]}
c5 {[%clk 2:06:45]} 12. a4 {[%clk 1:51:25]} Qc7 {[%clk 2:00:33]} 13. Re1 {[%clk
1:38:47]} Rfe8 {[%clk 1:57:43]} 14. Be3 {[%clk 1:36:03]} Rxe3 {[%clk 1:54:55]}
15. Rxe3 {[%clk 1:14:16]} Qxf4 {[%clk 1:53:39]} 16. Qd2 {[%clk 1:14:37]} Qd6
{[%clk 1:51:27]} 17. Rae1 {[%clk 1:14:14]} Bg6 {[%clk 1:46:57]} 18. Kh1 {[%clk
0:59:17]} Rc8 {[%clk 1:42:17]} 19. g4 {[%clk 0:57:32]} cxd4 {[%clk 1:41:31]} 20.
cxd4 {[%clk 0:57:41]} Nf8 {[%clk 1:38:24]} 21. g5 {[%clk 0:52:17]} N6d7 {[%clk
1:37:56]} 22. Qa5 {[%clk 0:48:02]} Bxd3 {[%clk 1:34:46]} 23. cxd3 {[%clk
0:45:54]} Rc2 {[%clk 1:34:40]} 24. R3e2 {[%clk 0:45:17]} Rxe2 {[%clk 1:34:18]}
25. Rxe2 {[%clk 0:45:37]} b6 {[%clk 1:16:19]} 26. Qd2 {[%clk 0:35:32]} Ne6 {[%clk
1:16:11]} 27. Qe3 {[%clk 0:33:09]} Qb4 {[%clk 1:10:31]} 28. f4 {[%clk 0:28:49]}
Ndf8 {[%clk 1:07:15]} 29. f5 {[%clk 0:23:06]} Nxd4 {[%clk 1:06:47]} 30. Rf2
{[%clk 0:22:57]} Qc5 {[%clk 1:03:19]} 31. g6 {[%clk 0:13:07]} hxg6 {[%clk
0:51:16]} 32. fxg6 {[%clk 0:10:57]} f6 {[%clk 0:50:56]} 33. Qe8 {[%clk 0:09:26]}
Qc7 {[%clk 0:46:40]} 34. Kg2 {[%clk 0:07:11]} Qd7 {[%clk 0:45:34]} 35. Qa8 {[%clk
0:06:24]} Ne6 {[%clk 0:39:43]} 36. Rf5 {[%clk 0:05:27]} Nc7 {[%clk 0:39:08]} 37.
Qxa7 {[%clk 0:04:11]} Qxf5 {[%clk 0:39:22]} 38. Qxc7 {[%clk 0:04:32]} Qxg6+
{[%clk 0:39:45]} 39. Kf2 {[%clk 0:04:46]} Qxd3 {[%clk 0:39:20]} 40. Qxb6 {[%clk
0:05:04]} Qc2+ {[%clk 0:39:38]} 41. Kf1 {[%clk 0:05:01]} Qxa4 {[%clk 0:39:56]}
42. Qd6 {[%clk 0:05:21]} Qe4 {[%clk 0:39:44]} 43. h4 {[%clk 0:05:26]} Qe5 {[%clk
0:39:32]} 44. Qc5 {[%clk 0:05:14]} Ng6 {[%clk 0:39:37]} 45. Qc8+ {[%clk 0:05:09]}
Kh7 {[%clk 0:39:59]} 46. Qd7 {[%clk 0:05:08]} Nxh4 {[%clk 0:39:50]} 47. Qh3
{[%clk 0:05:22]} Qf5+ {[%clk 0:39:51]} 0-1

[Event "7th Arber Senior Cup"]
[Site "chess24.com"]
[Date "2019.07.28"]
[Round "2"]
[White "Gross-Winter, Guenter"]
[Black "Klimpel, Siegfried"]
[Result "0-1"]
[Board "28"]
[WhiteElo "1664"]
[WhiteTeam "SC Ansbach"]
[WhiteCountry "GER"]
[WhiteFideId "16222750"]
[WhiteEloChange "-5"]
[BlackElo "1843"]
[BlackTeam "TSV Kareth-Lappersdorf"]
[BlackCountry "GER"]
[BlackFideId "1270271"]
[BlackEloChange "5"]

1. e4 {[%clk 2:10:30]} c5 {[%clk 2:10:30]} 2. Nf3 {[%clk 2:10:30]} a6 {[%clk
2:10:30]} 3. d3 {[%clk 2:10:30]} Nc6 {[%clk 2:10:30]} 4. g3 {[%clk 2:10:30]} d6
{[%clk 2:10:30]} 5. Bg2 {[%clk 2:10:30]} Bg4 {[%clk 2:10:30]} 6. c3 {[%clk
2:10:30]} Nf6 {[%clk 2:10:30]} 7. O-O {[%clk 2:10:30]} Qd7 {[%clk 2:10:30]} 8.
Bg5 {[%clk 2:10:30]} Nh5 {[%clk 2:10:30]} 9. Nbd2 {[%clk 2:10:30]} h6 {[%clk
2:10:30]} 10. Be3 {[%clk 2:10:30]} g6 {[%clk 2:10:30]} 11. Qe1 {[%clk 2:10:30]}
Bg7 {[%clk 2:10:30]} 12. Nh4 {[%clk 2:10:30]} Ne5 {[%clk 2:10:30]} 13. Qb1 {[%clk
2:10:30]} Be2 {[%clk 2:10:30]} 14. d4 {[%clk 2:10:30]} Bxf1 {[%clk 2:10:30]} 15.
Qxf1 {[%clk 2:10:30]} cxd4 {[%clk 2:10:30]} 16. Bxd4 {[%clk 2:10:30]} Nf6 {[%clk
2:10:30]} 17. h3 {[%clk 2:10:30]} Nc6 {[%clk 2:10:30]} 18. Be3 {[%clk 2:10:30]}
Rc8 {[%clk 2:10:30]} 19. f4 {[%clk 2:10:30]} e5 {[%clk 2:10:30]} 20. Nc4 {[%clk
2:10:30]} Qe7 {[%clk 2:10:30]} 21. Nb6 {[%clk 2:10:30]} Rc7 {[%clk 2:10:30]} 22.
Nd5 {[%clk 2:10:30]} Nxd5 {[%clk 2:10:30]} 23. exd5 {[%clk 2:10:30]} Nb8 {[%clk
2:10:30]} 24. Re1 {[%clk 2:10:30]} O-O {[%clk 2:10:30]} 25. Bd4 {[%clk 2:10:30]}
Nd7 {[%clk 2:10:30]} 26. Nf3 {[%clk 2:10:30]} Qf6 {[%clk 2:10:30]} 27. Nd2 {[%clk
2:10:30]} exd4 {[%clk 2:10:30]} 28. Ne4 {[%clk 2:10:30]} Qd8 {[%clk 2:10:30]} 29.
c4 {[%clk 2:10:30]} Nf6 {[%clk 2:10:30]} 30. Qd3 {[%clk 2:10:30]} Nxe4 {[%clk
2:10:30]} 0-1

[Event "7th Arber Senior Cup"]
[Site "chess24.com"]
[Date "2019.07.28"]
[Round "2"]
[White "Redeker, Frank, Dr."]
[Black "Peglau, Markus"]
[Result "0-1"]
[Board "29"]
[WhiteElo "1677"]
[WhiteTeam "SF Brand"]
[WhiteCountry "GER"]
[WhiteFideId "12986011"]
[WhiteEloChange "-5"]
[BlackElo "1849"]
[BlackTeam "Seeblick"]
[BlackCountry "GER"]
[BlackFideId "16203240"]
[BlackEloChange "5"]

1. d4 {[%clk 2:10:30]} Nf6 {[%clk 2:10:30]} 2. Bf4 {[%clk 2:10:30]} g6 {[%clk
2:10:30]} 3. e3 {[%clk 2:10:30]} Bg7 {[%clk 2:10:30]} 4. Be2 {[%clk 2:10:30]} d5
{[%clk 2:10:30]} 5. Nf3 {[%clk 2:10:30]} Nbd7 {[%clk 2:10:30]} 6. h3 {[%clk
2:10:30]} O-O {[%clk 2:10:30]} 7. O-O {[%clk 2:10:30]} Re8 {[%clk 2:10:30]} 8.
Nc3 {[%clk 2:10:30]} c6 {[%clk 2:10:30]} 9. Ne5 {[%clk 2:10:30]} Nxe5 {[%clk
2:10:30]} 10. Bxe5 {[%clk 2:10:30]} Bf5 {[%clk 2:10:30]} 11. g4 {[%clk 2:10:30]}
Be6 {[%clk 2:10:30]} 12. f4 {[%clk 2:10:30]} Rc8 {[%clk 2:10:30]} 13. f5 {[%clk
2:10:30]} gxf5 {[%clk 2:10:30]} 14. gxf5 {[%clk 2:10:30]} Bd7 {[%clk 2:10:30]}
15. Bg4 {[%clk 2:10:30]} Kh8 {[%clk 2:10:30]} 16. Qf3 {[%clk 2:10:30]} Rg8 {[%clk
2:10:30]} 17. Kh2 {[%clk 2:10:30]} Be8 {[%clk 2:10:30]} 18. Ne2 {[%clk 2:10:30]}
Qb6 {[%clk 2:10:30]} 19. Rab1 {[%clk 2:10:30]} Rd8 {[%clk 2:10:30]} 20. Qf4
{[%clk 2:10:30]} Qa6 {[%clk 2:10:30]} 21. Nc3 {[%clk 2:10:30]} Bd7 {[%clk
2:10:30]} 22. Be2 {[%clk 2:10:30]} b5 {[%clk 2:10:30]} 23. Rg1 {[%clk 2:10:30]}
Qc8 {[%clk 2:10:30]} 24. Bd3 {[%clk 2:10:30]} Nh5 {[%clk 2:10:30]} 25. Bxg7+
{[%clk 2:10:30]} Rxg7 {[%clk 2:10:30]} 26. Qh4 {[%clk 2:10:30]} Qc7+ {[%clk
2:10:30]} 27. Kh1 {[%clk 2:10:30]} Ng3+ {[%clk 2:10:30]} 28. Rxg3 {[%clk
2:10:30]} Qxg3 {[%clk 2:10:30]} 29. Qxg3 {[%clk 2:10:30]} Rxg3 {[%clk 2:10:30]}
30. Rg1 {[%clk 2:10:30]} Rxh3+ {[%clk 2:10:30]} 0-1

[Event "7th Arber Senior Cup"]
[Site "chess24.com"]
[Date "2019.07.28"]
[Round "2"]
[White "Braeu, Ludwig"]
[Black "Kurze, Volker"]
[Result "1-0"]
[Board "30"]
[WhiteElo "1818"]
[WhiteTeam "SK Marktoberdorf"]
[WhiteCountry "GER"]
[WhiteFideId "4671210"]
[WhiteEloChange "6"]
[BlackElo "1658"]
[BlackTeam "SC RT Altstadt M�nchen"]
[BlackCountry "GER"]
[BlackFideId "24694584"]
[BlackEloChange "-6"]

1. c4 {[%clk 2:10:30]} e5 {[%clk 2:10:30]} 2. g3 {[%clk 2:10:30]} d6 {[%clk
2:10:30]} 3. Bg2 {[%clk 2:10:30]} f5 {[%clk 2:10:30]} 4. Nc3 {[%clk 2:10:30]} Nf6
{[%clk 2:10:30]} 5. e3 {[%clk 2:10:30]} Be7 {[%clk 2:10:30]} 6. Nge2 {[%clk
2:10:30]} O-O {[%clk 2:10:30]} 7. O-O {[%clk 2:10:30]} c6 {[%clk 2:10:30]} 8. d3
{[%clk 2:10:30]} Na6 {[%clk 2:10:30]} 9. f4 {[%clk 2:10:30]} Be6 {[%clk 2:10:30]}
10. b3 {[%clk 2:10:30]} Qe8 {[%clk 2:10:30]} 11. Qd2 {[%clk 2:10:30]} Rd8 {[%clk
2:10:30]} 12. Ba3 {[%clk 2:10:30]} Nd7 {[%clk 2:10:30]} 13. Rad1 {[%clk 2:10:30]}
Nc7 {[%clk 2:10:30]} 14. Qb2 {[%clk 2:10:30]} d5 {[%clk 2:10:30]} 15. Bxe7 {[%clk
2:10:30]} Qxe7 {[%clk 2:10:30]} 16. fxe5 {[%clk 2:10:30]} dxc4 {[%clk 2:10:30]}
17. d4 {[%clk 2:10:30]} cxb3 {[%clk 2:10:30]} 18. axb3 {[%clk 2:10:30]} Nb6
{[%clk 2:10:30]} 19. Nf4 {[%clk 2:10:30]} Nbd5 {[%clk 2:10:30]} 20. Nxe6 {[%clk
2:10:30]} Nxe6 {[%clk 2:10:30]} 21. Nxd5 {[%clk 2:10:30]} cxd5 {[%clk 2:10:30]}
22. b4 {[%clk 2:10:30]} Ng5 {[%clk 2:10:30]} 23. Qb3 {[%clk 2:10:30]} Ne4 {[%clk
2:10:30]} 24. g4 {[%clk 2:10:30]} g6 {[%clk 2:10:30]} 25. Bxe4 {[%clk 2:10:30]}
fxe4 {[%clk 2:10:30]} 26. Rxf8+ {[%clk 2:10:30]} Kxf8 {[%clk 2:10:30]} 27. Rf1+
{[%clk 2:10:30]} Kg7 {[%clk 2:10:30]} 28. Rf6 {[%clk 2:10:30]} h6 {[%clk
2:10:30]} 29. Qc3 {[%clk 2:10:30]} Rf8 {[%clk 2:10:30]} 30. Rxf8 {[%clk 2:10:30]}
Kxf8 {[%clk 2:10:30]} 31. Qc8+ {[%clk 2:10:30]} Kg7 {[%clk 2:10:30]} 32. b5
{[%clk 2:10:30]} h5 {[%clk 2:10:30]} 33. h3 {[%clk 2:10:30]} hxg4 {[%clk
2:10:30]} 34. hxg4 {[%clk 2:10:30]} Kh6 {[%clk 2:10:30]} 35. Kg2 {[%clk 2:10:30]}
Kg5 {[%clk 2:10:30]} 36. Kg3 {[%clk 2:10:30]} Qh7 {[%clk 2:10:30]} 37. Qd8+
{[%clk 2:10:30]} Kh6 {[%clk 2:10:30]} 38. Qh4+ {[%clk 2:10:30]} Kg7 {[%clk
2:10:30]} 39. Qf6+ {[%clk 2:10:30]} Kg8 {[%clk 2:10:30]} 40. e6 {[%clk 2:10:30]}
Qc7+ {[%clk 2:10:30]} 41. Kh4 {[%clk 2:10:30]} Qh2+ {[%clk 2:10:30]} 42. Kg5
{[%clk 2:10:30]} Qh7 {[%clk 2:10:30]} 43. Qd8+ {[%clk 2:10:30]} Kg7 {[%clk
2:10:30]} 44. Qe7+ {[%clk 2:10:30]} Kg8 {[%clk 2:10:30]} 45. Qxh7+ {[%clk
2:10:30]} 1-0

[Event "7th Arber Senior Cup"]
[Site "chess24.com"]
[Date "2019.07.28"]
[Round "2"]
[White "Glatz, Volker"]
[Black "Zwetz, Anita"]
[Result "0-1"]
[Board "31"]
[WhiteElo "1515"]
[WhiteTeam "SC Bayerwald"]
[WhiteCountry "GER"]
[WhiteFideId "12973645"]
[WhiteEloChange "-3"]
[BlackElo "1828"]
[BlackTeam "TSV Kareth-Lappersdorf"]
[BlackCountry "GER"]
[BlackFideId "4613244"]
[BlackEloChange "3"]

1. Nf3 {[%clk 2:10:30]} d5 {[%clk 2:10:30]} 2. d4 {[%clk 2:10:30]} c6 {[%clk
2:10:30]} 3. g3 {[%clk 2:10:30]} Nf6 {[%clk 2:10:30]} 4. Bg2 {[%clk 2:10:30]}
Nbd7 {[%clk 2:10:30]} 5. O-O {[%clk 2:10:30]} e6 {[%clk 2:10:30]} 6. Nbd2 {[%clk
2:10:30]} Bd6 {[%clk 2:10:30]} 7. c4 {[%clk 2:10:30]} h6 {[%clk 2:10:30]} 8. b3
{[%clk 2:10:30]} O-O {[%clk 2:10:30]} 9. Bb2 {[%clk 2:10:30]} Re8 {[%clk
2:10:30]} 10. Qc2 {[%clk 2:10:30]} e5 {[%clk 2:10:30]} 11. Rae1 {[%clk 2:10:30]}
e4 {[%clk 2:10:30]} 12. Nh4 {[%clk 2:10:30]} Nf8 {[%clk 2:10:30]} 13. Bh1 {[%clk
2:10:30]} Bh3 {[%clk 2:10:30]} 14. Ng2 {[%clk 2:10:30]} Ng4 {[%clk 2:10:30]} 15.
e3 {[%clk 2:10:30]} Nh7 {[%clk 2:10:30]} 16. f3 {[%clk 2:10:30]} Bxg2 {[%clk
2:10:30]} 17. Bxg2 {[%clk 2:10:30]} exf3 {[%clk 2:10:30]} 18. Rxf3 {[%clk
2:10:30]} Ng5 {[%clk 2:10:30]} 19. c5 {[%clk 2:10:30]} Bc7 {[%clk 2:10:30]} 20.
Qf5 {[%clk 2:10:30]} Nxf3+ {[%clk 2:10:30]} 21. Qxf3 {[%clk 2:10:30]} Qg5 {[%clk
2:10:30]} 22. Nf1 {[%clk 2:10:30]} Nf6 {[%clk 2:10:30]} 23. b4 {[%clk 2:10:30]}
Ne4 {[%clk 2:10:30]} 24. Bc1 {[%clk 2:10:30]} f5 {[%clk 2:10:30]} 25. Bh3 {[%clk
2:10:30]} Rf8 {[%clk 2:10:30]} 26. Qg2 {[%clk 2:10:30]} Rae8 {[%clk 2:10:30]} 27.
Qf3 {[%clk 2:10:30]} h5 {[%clk 2:10:30]} 28. Re2 {[%clk 2:10:30]} h4 {[%clk
2:10:30]} 29. Rg2 {[%clk 2:10:30]} hxg3 {[%clk 2:10:30]} 30. hxg3 {[%clk
2:10:30]} Qf6 {[%clk 2:10:30]} 31. Rh2 {[%clk 2:10:30]} Qg6 {[%clk 2:10:30]} 32.
Rg2 {[%clk 2:10:30]} Ng5 {[%clk 2:10:30]} 0-1

[Event "7th Arber Senior Cup"]
[Site "chess24.com"]
[Date "2019.07.28"]
[Round "2"]
[White "Schuster, Herbert"]
[Black "Nusser, Hans-Karl, Dr."]
[Result "1-0"]
[Board "32"]
[WhiteElo "1774"]
[WhiteTeam "SK Landshut"]
[WhiteCountry "GER"]
[WhiteFideId "24612464"]
[WhiteEloChange "5"]
[BlackElo "1601"]
[BlackTeam "M�nchener SC"]
[BlackCountry "GER"]
[BlackFideId "16226399"]
[BlackEloChange "-5"]

1. e4 {[%clk 2:10:30]} c5 {[%clk 2:10:30]} 2. Nf3 {[%clk 2:10:30]} e6 {[%clk
2:10:30]} 3. c4 {[%clk 2:10:30]} Nc6 {[%clk 2:10:30]} 4. Nc3 {[%clk 2:10:30]} d6
{[%clk 2:10:30]} 5. Be2 {[%clk 2:10:30]} Be7 {[%clk 2:10:30]} 6. O-O {[%clk
2:10:30]} Nf6 {[%clk 2:10:30]} 7. d4 {[%clk 2:10:30]} cxd4 {[%clk 2:10:30]} 8.
Nxd4 {[%clk 2:10:30]} O-O {[%clk 2:10:30]} 9. f4 {[%clk 2:10:30]} a6 {[%clk
2:10:30]} 10. Be3 {[%clk 2:10:30]} Bd7 {[%clk 2:10:30]} 11. Kh1 {[%clk 2:10:30]}
Qc7 {[%clk 2:10:30]} 12. b3 {[%clk 2:10:30]} Rfc8 {[%clk 2:10:30]} 13. Qe1 {[%clk
2:10:30]} Rab8 {[%clk 2:10:30]} 14. Qg3 {[%clk 2:10:30]} Qd8 {[%clk 2:10:30]} 15.
f5 {[%clk 2:10:30]} e5 {[%clk 2:10:30]} 16. Nc2 {[%clk 2:10:30]} Na5 {[%clk
2:10:30]} 17. Nb4 {[%clk 2:10:30]} Qf8 {[%clk 2:10:30]} 18. Nbd5 {[%clk 2:10:30]}
Bd8 {[%clk 2:10:30]} 19. Nxf6+ {[%clk 2:10:30]} Bxf6 {[%clk 2:10:30]} 20. Nd5
{[%clk 2:10:30]} Bd8 {[%clk 2:10:30]} 21. f6 {[%clk 2:10:30]} g6 {[%clk 2:10:30]}
22. Bg4 {[%clk 2:10:30]} Bxg4 {[%clk 2:10:30]} 23. Qxg4 {[%clk 2:10:30]} Nc6
{[%clk 2:10:30]} 24. Rf3 {[%clk 2:10:30]} h5 {[%clk 2:10:30]} 25. Qh4 {[%clk
2:10:30]} Nd4 {[%clk 2:10:30]} 26. Bxd4 {[%clk 2:10:30]} exd4 {[%clk 2:10:30]}
27. Qg5 {[%clk 2:10:30]} Kh7 {[%clk 2:10:30]} 28. h4 {[%clk 2:10:30]} Qh6 {[%clk
2:10:30]} 29. Rd1 {[%clk 2:10:30]} b5 {[%clk 2:10:30]} 30. Rxd4 {[%clk 2:10:30]}
Qxg5 {[%clk 2:10:30]} 31. hxg5 {[%clk 2:10:30]} bxc4 {[%clk 2:10:30]} 32. Rxc4
{[%clk 2:10:30]} Rxc4 {[%clk 2:10:30]} 33. bxc4 {[%clk 2:10:30]} Kg8 {[%clk
2:10:30]} 34. Rb3 {[%clk 2:10:30]} Rxb3 {[%clk 2:10:30]} 35. axb3 {[%clk
2:10:30]} a5 {[%clk 2:10:30]} 36. Kg1 {[%clk 2:10:30]} Kf8 {[%clk 2:10:30]} 37.
Kf2 {[%clk 2:10:30]} Ke8 {[%clk 2:10:30]} 38. Ke3 {[%clk 2:10:30]} Kd7 {[%clk
2:10:30]} 39. Kd4 {[%clk 2:10:30]} Ke6 {[%clk 2:10:30]} 40. Nf4+ {[%clk 2:10:30]}
Kd7 {[%clk 2:10:30]} 41. Kd5 {[%clk 2:10:30]} Bb6 {[%clk 2:10:30]} 42. Nd3 {[%clk
2:10:30]} Be3 {[%clk 2:10:30]} 43. e5 {[%clk 2:10:30]} Bxg5 {[%clk 2:10:30]} 44.
exd6 {[%clk 2:10:30]} Bxf6 {[%clk 2:10:30]} 45. c5 {[%clk 2:10:30]} Bh4 {[%clk
2:10:30]} 46. c6+ {[%clk 2:10:30]} Kc8 {[%clk 2:10:30]} 47. Ne5 {[%clk 2:10:30]}
g5 {[%clk 2:10:30]} 48. Nxf7 {[%clk 2:10:30]} g4 {[%clk 2:10:30]} 49. c7 {[%clk
2:10:30]} Kd7 {[%clk 2:10:30]} 50. Ne5+ {[%clk 2:10:30]} Kc8 {[%clk 2:10:30]} 51.
Kc6 {[%clk 2:10:30]} 1-0

[Event "7th Arber Senior Cup"]
[Site "chess24.com"]
[Date "2019.07.28"]
[Round "2"]
[White "Meckel, Helmut"]
[Black "Gaedt, Mario"]
[Result "1-0"]
[Board "33"]
[WhiteElo "1804"]
[WhiteTeam "SG Solingen"]
[WhiteCountry "GER"]
[WhiteFideId "12966029"]
[WhiteEloChange "3"]
[BlackElo "1502"]
[BlackTeam "SV Bergen"]
[BlackCountry "GER"]
[BlackFideId "12970352"]
[BlackEloChange "-3"]

1. e4 {[%clk 2:10:30]} c5 {[%clk 2:10:30]} 2. Nf3 {[%clk 2:10:30]} d6 {[%clk
2:10:30]} 3. d4 {[%clk 2:10:30]} cxd4 {[%clk 2:10:30]} 4. Nxd4 {[%clk 2:10:30]}
e6 {[%clk 2:10:30]} 5. Nc3 {[%clk 2:10:30]} a6 {[%clk 2:10:30]} 6. Be3 {[%clk
2:10:30]} Be7 {[%clk 2:10:30]} 7. Qd2 {[%clk 2:10:30]} Nf6 {[%clk 2:10:30]} 8. h3
{[%clk 2:10:30]} b6 {[%clk 2:10:30]} 9. Bd3 {[%clk 2:10:30]} Bb7 {[%clk 2:10:30]}
10. g4 {[%clk 2:10:30]} O-O {[%clk 2:10:30]} 11. O-O-O {[%clk 2:10:30]} Nbd7
{[%clk 2:10:30]} 12. g5 {[%clk 2:10:30]} Ne8 {[%clk 2:10:30]} 13. f4 {[%clk
2:10:30]} g6 {[%clk 2:10:30]} 14. h4 {[%clk 2:10:30]} Ng7 {[%clk 2:10:30]} 15.
Be2 {[%clk 2:10:30]} Nc5 {[%clk 2:10:30]} 16. Bf3 {[%clk 2:10:30]} Qe8 {[%clk
2:10:30]} 17. h5 {[%clk 2:10:30]} f6 {[%clk 2:10:30]} 18. b4 {[%clk 2:10:30]} Nd7
{[%clk 2:10:30]} 19. h6 {[%clk 2:10:30]} Nh5 {[%clk 2:10:30]} 20. Nxe6 {[%clk
2:10:30]} f5 {[%clk 2:10:30]} 21. Nxf8 {[%clk 2:10:30]} Bxf8 {[%clk 2:10:30]} 22.
Bxh5 {[%clk 2:10:30]} gxh5 {[%clk 2:10:30]} 23. exf5 {[%clk 2:10:30]} Bxh1 {[%clk
2:10:30]} 24. Rxh1 {[%clk 2:10:30]} Be7 {[%clk 2:10:30]} 25. Qd5+ {[%clk
2:10:30]} Kh8 {[%clk 2:10:30]} 26. Bd4+ {[%clk 2:10:30]} Bf6 {[%clk 2:10:30]} 27.
gxf6 {[%clk 2:10:30]} 1-0

[Event "7th Arber Senior Cup"]
[Site "chess24.com"]
[Date "2019.07.28"]
[Round "2"]
[White "Moser, Andreas"]
[Black "Barnowski, Roman"]
[Result "1-0"]
[Board "34"]
[WhiteElo "1693"]
[WhiteTeam "SC Pasing"]
[WhiteCountry "GER"]
[WhiteFideId "24627178"]
[WhiteEloChange "4"]
[BlackElo "1459"]
[BlackTeam "SW N�rnberg S�d"]
[BlackCountry "GER"]
[BlackFideId "16255240"]
[BlackEloChange "-4"]

1. e4 {[%clk 2:10:30]} c5 {[%clk 2:10:30]} 2. Nf3 {[%clk 2:10:30]} d6 {[%clk
2:10:30]} 3. Bb5+ {[%clk 2:10:30]} Bd7 {[%clk 2:10:30]} 4. Bxd7+ {[%clk 2:10:30]}
Nxd7 {[%clk 2:10:30]} 5. O-O {[%clk 2:10:30]} g6 {[%clk 2:10:30]} 6. c3 {[%clk
2:10:30]} Bg7 {[%clk 2:10:30]} 7. d4 {[%clk 2:10:30]} cxd4 {[%clk 2:10:30]} 8.
Nxd4 {[%clk 2:10:30]} Ngf6 {[%clk 2:10:30]} 9. Re1 {[%clk 2:10:30]} O-O {[%clk
2:10:30]} 10. h3 {[%clk 2:10:30]} Nc5 {[%clk 2:10:30]} 11. Nd2 {[%clk 2:10:30]}
Qb6 {[%clk 2:10:30]} 12. b4 {[%clk 2:10:30]} Ne6 {[%clk 2:10:30]} 13. Nxe6 {[%clk
2:10:30]} fxe6 {[%clk 2:10:30]} 14. Qb3 {[%clk 2:10:30]} Nh5 {[%clk 2:10:30]} 15.
Nf3 {[%clk 2:10:30]} Kh8 {[%clk 2:10:30]} 16. Be3 {[%clk 2:10:30]} Qd8 {[%clk
2:10:30]} 17. Ng5 {[%clk 2:10:30]} Rf6 {[%clk 2:10:30]} 18. Nxe6 {[%clk 2:10:30]}
Qg8 {[%clk 2:10:30]} 19. Nxg7 {[%clk 2:10:30]} Qxb3 {[%clk 2:10:30]} 20. axb3
{[%clk 2:10:30]} Nxg7 {[%clk 2:10:30]} 21. Rxa7 {[%clk 2:10:30]} Rxa7 {[%clk
2:10:30]} 22. Bxa7 {[%clk 2:10:30]} Rf8 {[%clk 2:10:30]} 23. Bd4 {[%clk 2:10:30]}
e5 {[%clk 2:10:30]} 24. Be3 {[%clk 2:10:30]} Ra8 {[%clk 2:10:30]} 25. Rb1 {[%clk
2:10:30]} h5 {[%clk 2:10:30]} 26. c4 {[%clk 2:10:30]} Ne8 {[%clk 2:10:30]} 27. c5
{[%clk 2:10:30]} dxc5 {[%clk 2:10:30]} 28. bxc5 {[%clk 2:10:30]} Nf6 {[%clk
2:10:30]} 29. f3 {[%clk 2:10:30]} Nd7 {[%clk 2:10:30]} 30. b4 {[%clk 2:10:30]}
Ra3 {[%clk 2:10:30]} 31. Bf2 {[%clk 2:10:30]} Rc3 {[%clk 2:10:30]} 32. Rd1 {[%clk
2:10:30]} Nf8 {[%clk 2:10:30]} 33. Rd8 {[%clk 2:10:30]} Kg7 {[%clk 2:10:30]} 34.
Rb8 {[%clk 2:10:30]} 1-0

[Event "7th Arber Senior Cup"]
[Site "chess24.com"]
[Date "2019.07.28"]
[Round "2"]
[White "Braeu, Emmi"]
[Black "Wacker, Manfred"]
[Result "0-1"]
[Board "35"]
[WhiteElo "1477"]
[WhiteTeam "SK Marktoberdorf"]
[WhiteCountry "GER"]
[WhiteFideId "24646946"]
[WhiteEloChange "-4"]
[BlackElo "1741"]
[BlackTeam "SC Lambsheim"]
[BlackCountry "GER"]
[BlackFideId "12952850"]
[BlackEloChange "4"]

1. Nf3 {[%clk 2:10:30]} Nf6 {[%clk 2:10:30]} 2. c4 {[%clk 2:10:30]} c5 {[%clk
2:10:30]} 3. g3 {[%clk 2:10:30]} b6 {[%clk 2:10:30]} 4. Bg2 {[%clk 2:10:30]} Bb7
{[%clk 2:10:30]} 5. O-O {[%clk 2:10:30]} e6 {[%clk 2:10:30]} 6. Nc3 {[%clk
2:10:30]} Be7 {[%clk 2:10:30]} 7. d4 {[%clk 2:10:30]} cxd4 {[%clk 2:10:30]} 8.
Nxd4 {[%clk 2:10:30]} Bxg2 {[%clk 2:10:30]} 9. Kxg2 {[%clk 2:10:30]} O-O {[%clk
2:10:30]} 10. Qd3 {[%clk 2:10:30]} Nc6 {[%clk 2:10:30]} 11. Nxc6 {[%clk 2:10:30]}
dxc6 {[%clk 2:10:30]} 12. Rd1 {[%clk 2:10:30]} Qxd3 {[%clk 2:10:30]} 13. exd3
{[%clk 2:10:30]} Rfd8 {[%clk 2:10:30]} 14. Bf4 {[%clk 2:10:30]} Rd7 {[%clk
2:10:30]} 15. Rd2 {[%clk 2:10:30]} Rad8 {[%clk 2:10:30]} 16. Rad1 {[%clk
2:10:30]} Ne8 {[%clk 2:10:30]} 17. a3 {[%clk 2:10:30]} Nd6 {[%clk 2:10:30]} 18.
f3 {[%clk 2:10:30]} Nf5 {[%clk 2:10:30]} 19. Ne2 {[%clk 2:10:30]} e5 {[%clk
2:10:30]} 20. g4 {[%clk 2:10:30]} Nh4+ {[%clk 2:10:30]} 21. Kg3 {[%clk 2:10:30]}
exf4+ {[%clk 2:10:30]} 22. Nxf4 {[%clk 2:10:30]} Ng6 {[%clk 2:10:30]} 23. h3
{[%clk 2:10:30]} Bd6 {[%clk 2:10:30]} 0-1